00233nam a2200085Ia 4500008004100000082001800041100001800059245004900077300002100126230907s9999||||xx |||||||||||||| ||und|| a621.31/4bPOW aSharkh, S. M. 0aPower electronic converters for microgrids / axiv, 293 pages :